| 000 | 00518nam a22001697a 4500 | ||
|---|---|---|---|
| 999 |
_c15776 _d15776 |
||
| 003 | AR-CdUCM | ||
| 008 | 190430b ||||| |||| 00| 0 spa d | ||
| 040 |
_aMUNICIPALIDAD PROVINCIAL DEL CUSCO _cBIBLIOTECA MUNICIPAL DEL CUSCO |
||
| 082 |
_a909.2 / _bH20 |
||
| 245 | _aHistoria de la edad media / | ||
| 300 |
_a171 páginas ; _c16 cm. |
||
| 505 | _aContenido :Historia de la edad media ... | ||
| 650 |
_aMedio oriente _91780 |
||
| 650 |
_aHistoria universal _91423 |
||
| 942 |
_2ddc _cLIBROS |
||
| 945 |
_arum _d2019-04-30 |
||